Oldest Universities In the World - Statistics

General Stats
  • This quiz has been taken 11 times
  • The average score is 5 of 9
Answer Stats
Hint Answer % Correct
The oldest in England Oxford
100%
The second oldest in England Cambridge
90%
The university of the largest city of france Paris
90%
Founded in 1088, in Italy Bologna
70%
Established in 1290, In Portugal Coimbra
40%
Established in 1224, in Italy Naples
40%
Established in 1222, in Italy Padua
40%
Established in 1240, in Italy Siena
30%
Founded in 1134, in Spain Salamanca
20%
No matching quizzes found
Score Distribution
Percent of People with Each Score
Percentile by Number Answered
Your Score History
You have not taken this quiz